| 000 | 00832nam a2200241 a 4500 | ||
|---|---|---|---|
| 001 | 000042119 | ||
| 005 | 20201002035942.0 | ||
| 008 | 131114s1966 sp ab 000 0 spa d | ||
| 040 |
_aDO-SdBNP _bspa _cBNPHU |
||
| 082 |
_axxx _bD893a |
||
| 100 | 1 |
_aDumont, René, _d1904-2001 _969120 |
|
| 240 | 1 | 0 |
_aL'Afrique noire est mal partie. _lEspañol |
| 245 | 1 | 3 |
_aEl África negra ha empezado mal / _cRené Dumont ; traducción de Carlos Comas. |
| 260 |
_aBarcelona : _bSeix Barral, _c1966. |
||
| 300 |
_a315 p. : _bil., mapas ; _c22 cm. |
||
| 490 | 1 | _aTestimonio | |
| 500 | _aIncluye referencias bibliográficas y notas al pie de las páginas. | ||
| 500 | _aAnexos : p. [287]-301 | ||
| 504 | _aBibliografía : p. [303]-307 | ||
| 590 | _aInventariado, 2019 /LP | ||
| 700 | 1 |
_aComas, Carlos, _etr. _969121 |
|
| 830 | 0 |
_aTestimonio _916115 |
|
| 999 |
_c41608 _d41608 |
||